000
00305nam a22001217a 4500
020
_a
07-060218-2
082
_a
515.33 SPI'C
100
_a
SPIEGEL, M. R
_9
78005
245
_a
CALCULUS OF FINITE DIFFRENCES AND DIFFERENCE EQUATIONS
260
_a
NEWYORK
_b
MCGRAW HILL
_c
1971
300
_a
259P
942
_c
BK
999
_c
583167
_d
583167